[Event "Bratislava exe op"]
[Site "Bratislava"]
[Date "2023.09.15"]
[Round "1"]
[White "Hujo, Jozef"]
[Black "Hitka, Dominik"]
[Result "1-0"]
[WhiteElo "1970"]
[BlackElo "1320"]
[PlyCount "61"]
[EventDate "2023.09.15"]
[EventType "swiss"]
[EventRounds "9"]
[EventCountry "SVK"]
[SourceTitle "EXT 2024"]
[Source "ChessBase"]
[SourceDate "2023.10.10"]
[SourceVersion "1"]
[SourceVersionDate "2023.10.10"]
[SourceQuality "1"]

1. d4 e6 2. Bf4 f5 3. Nf3 Nf6 4. c4 Be7 5. Nc3 d6 6. h3 a5 7. e3 0-0 8. Be2 Ne4 9. Nxe4 fxe4 10. Nd2 d5 11. 0-0 Bg5 12. Bh2 Nc6 13. Rc1 Ne7 14. cxd5 Nxd5 15. Nxe4 Nxe3 16. fxe3 Bxe3+ 17. Nf2 Bxc1 18. Qxc1 c6 19. Be5 Qe7 20. Bd3 b5 21. Qe3 Qh4 22. Bg3 Qh5 23. Qe4 Bd7 24. Kh2 Qf5 25. Qh4 g5 26. Qh5 Be8 27. Qh6 Rf6 28. Bxf5 Rxh6 29. Ng4 Rg6 30. Bxg6 Bxg6 31. Be5 1-0

[Event "Piestany Slovakia op"]
[Site "Piestany"]
[Date "2021.07.12"]
[Round "3"]
[White "Brhel, Jan"]
[Black "Hujo, Jozef"]
[Result "1-0"]
[WhiteElo "2076"]
[BlackElo "1926"]
[PlyCount "43"]
[EventDate "2021.07.10"]
[EventType "swiss"]
[EventRounds "9"]
[EventCountry "SVK"]
[SourceTitle "CBM 203 Extra"]
[Source "ChessBase"]
[SourceDate "2021.09.30"]
[SourceVersion "1"]
[SourceVersionDate "2021.09.30"]
[SourceQuality "1"]

1. Nf3 e6 2. c4 f5 3. Nc3 Nf6 4. d4 c6 5. Bf4 d5 6. e3 Nbd7 7. Bd3 Ne4 8. Ne5 g6 9. Bxe4 fxe4 10. h4 Bg7 11. Nxd7 Bxd7 12. h5 Qe7 13. hxg6 hxg6 14. Rxh8+ Bxh8 15. Qb3 0-0-0 16. Rc1 e5 17. Bg3 dxc4 18. Qxc4 exd4 19. Nd5 Qe6 20. exd4 Bg7 21. Qc5 Bf8 22. Qxa7 1-0

[Event "SVK-chT1E 1920"]
[Site "Slovakia"]
[Date "2020.01.25"]
[Round "7.8"]
[White "Elias, David"]
[Black "Hujo, Jozef"]
[Result "0-1"]
[WhiteElo "1912"]
[BlackElo "1918"]
[PlyCount "146"]
[EventDate "2019.10.12"]
[EventType "team-tourn"]
[EventRounds "11"]
[EventCountry "SVK"]
[SourceTitle "CBM 194 Extra"]
[Source "ChessBase"]
[SourceDate "2020.03.31"]
[SourceVersion "1"]
[SourceVersionDate "2020.03.31"]
[SourceQuality "1"]
[WhiteTeam "Sabinov"]
[BlackTeam "Michalovce Zemplin"]
[WhiteTeamCountry "SVK"]
[BlackTeamCountry "SVK"]

1. d4 Nf6 2. c4 g6 3. Nc3 d5 4. Qb3 dxc4 5. Qxc4 Bg7 6. e4 0-0 7. Nf3 Bg4 8. Be2 Nfd7 9. Bf4 Nc6 10. d5 Bxf3 11. dxc6 Bxe2 12. Kxe2 Nb6 13. Qb4 bxc6 14. Rhd1 Qc8 15. f3 Rb8 16. Rd3 Nd5 17. Nxd5 cxd5 18. Qxe7 Rxb2+ 19. Kf1 Qa6 20. Qa3 Qxa3 21. Rxa3 dxe4 22. Rd1 c5 23. fxe4 Bd4 24. Bg3 Re8 25. Rxa7 Rxe4 26. a4 Re6 27. Rxd4 cxd4 28. Rd7 Rb4 29. a5 Ra4 30. Rd5 f5 31. Rd8+ Kf7 32. Rd7+ Re7 33. Rd5 Ke6 34. Rd6+ Kf7 35. a6 d3 36. Rxd3 Rxa6 37. Bh4 Ra1+ 38. Kf2 Rea7 39. Bg5 R7a2+ 40. Bd2 Rd1 41. Ke2 Rg1 42. Kf2 Rh1 43. h3 f4 44. Kf3 Rd1 45. Ke2 Rb1 46. Rd4 g5 47. Rd3 Rbb2 48. Rd4 Ke6 49. Rd8 h5 50. Kd1 Rb7 51. Re8+ Kf7 52. Re4 Rd7 53. Re2 Re7 54. Rf2 Kg6 55. h4 Rd7 56. hxg5 Kxg5 57. Ke1 Ra4 58. g3 Re4+ 59. Kf1 Rxd2 60. Rxd2 fxg3 61. Kg2 Kg4 62. Rd6 Re2+ 63. Kg1 h4 64. Rd4+ Kf3 65. Rd3+ Re3 66. Rd1 h3 67. Kh1 g2+ 68. Kh2 Kf2 69. Rd2+ Re2 70. Rd1 Re1 71. Rd2+ Kf1 72. Kxh3 g1Q 73. Rd4 Qxd4 0-1

[Event "Bratislava Slovan op"]
[Site "Bratislava"]
[Date "2018.04.30"]
[Round "5"]
[White "Hujo, Jozef"]
[Black "Suliborski, Jakub"]
[Result "1-0"]
[WhiteElo "1965"]
[BlackElo "2122"]
[PlyCount "55"]
[EventDate "2018.04.27"]
[EventType "swiss"]
[EventRounds "9"]
[EventCountry "SVK"]
[SourceTitle "EXT 2023"]
[Source "ChessBase"]
[SourceDate "2022.10.05"]
[SourceVersion "1"]
[SourceVersionDate "2022.10.05"]
[SourceQuality "1"]

1. d4 e6 2. Bf4 Nf6 3. e3 b6 4. c3 Bb7 5. Nd2 Be7 6. Ngf3 d6 7. Bd3 Nbd7 8. Qe2 Nh5 9. 0-0-0 c5 10. dxc5 bxc5 11. Bb5 0-0 12. Bxd6 Bxd6 13. Nc4 Bd5 14. Nxd6 Nb6 15. Nc4 Nf6 16. Nfe5 Qc7 17. f4 Rab8 18. a3 Rfd8 19. Nxb6 Qxb6 20. Bd3 c4 21. Bb1 Bxg2 22. Nxc4 Rxd1+ 23. Rxd1 Qb7 24. Rg1 Bf3 25. Qc2 Qc6 26. Ne5 Qb6 27. Re1 g6 28. Nxf3 1-0

[Event "SVK-chT1E 1718"]
[Site "Slovakia"]
[Date "2018.02.18"]
[Round "9.8"]
[White "Sevcikova, Lucia"]
[Black "Hujo, Jozef"]
[Result "1-0"]
[WhiteElo "1844"]
[BlackElo "2037"]
[PlyCount "59"]
[EventDate "2017.10.21"]
[EventType "team-tourn"]
[EventRounds "11"]
[EventCountry "SVK"]
[SourceTitle "EXT 2019"]
[Source "ChessBase"]
[SourceDate "2018.10.10"]
[SourceVersion "1"]
[SourceVersionDate "2018.10.10"]
[SourceQuality "1"]
[WhiteTeam "Kysucke Nove Mesto"]
[BlackTeam "Michalovce Zemplin"]
[WhiteTeamCountry "SVK"]
[BlackTeamCountry "SVK"]

1. d4 e6 2. c4 f5 3. Nc3 Nf6 4. Bf4 c6 5. Nf3 d5 6. e3 Be7 7. Bd3 0-0 8. Qc2 Ne4 9. g4 g5 10. Bg3 Bb4 11. Ke2 Bxc3 12. bxc3 Nd7 13. Rag1 fxg4 14. Bxe4 gxf3+ 15. Bxf3 Qf6 16. Bh5 Qh6 17. Bf3 Qf6 18. Bf4 h6 19. h4 Qf5 20. Qxf5 Rxf5 21. hxg5 hxg5 22. c5 b6 23. Bxg5 Ba6+ 24. Ke1 Rxf3 25. Be7+ Kf7 26. Rh7+ Ke8 27. Rg8+ Nf8 28. Bxf8 Rxf8 29. Rxf8+ Kxf8 30. Rh8+ 1-0

[Event "SVK-chT1E 1718"]
[Site "Slovakia"]
[Date "2018.02.03"]
[Round "7.7"]
[White "Hujo, Jozef"]
[Black "Verbovsky, Michal"]
[Result "1-0"]
[WhiteElo "2037"]
[BlackElo "1923"]
[PlyCount "107"]
[EventDate "2017.10.21"]
[EventType "team-tourn"]
[EventRounds "11"]
[EventCountry "SVK"]
[SourceTitle "EXT 2019"]
[Source "ChessBase"]
[SourceDate "2018.10.10"]
[SourceVersion "1"]
[SourceVersionDate "2018.10.10"]
[SourceQuality "1"]
[WhiteTeam "Michalovce Zemplin"]
[BlackTeam "Sabinov"]
[WhiteTeamCountry "SVK"]
[BlackTeamCountry "SVK"]

1. d4 Nf6 2. Bf4 d5 3. e3 c5 4. c3 Nc6 5. Nf3 Qb6 6. Qb3 c4 7. Qxb6 axb6 8. Na3 e5 9. Nxc4 exf4 10. Nxb6 Rb8 11. exf4 Bd6 12. Ne5 Bc7 13. Nxc8 Rxc8 14. Bb5 Bd6 15. f3 0-0 16. Kf2 Na5 17. g3 Nc4 18. Rhb1 Rfd8 19. a4 Nd2 20. Re1 Nb3 21. Rad1 Bxe5 22. fxe5 Ne8 23. e6 fxe6 24. Rxe6 Nd6 25. Rde1 Nxb5 26. axb5 Ra8 27. Re7 Ra2 28. Rxb7 Rxb2+ 29. Re2 Rxe2+ 30. Kxe2 Na5 31. Rc7 Nc4 32. Kd3 Nb2+ 33. Kc2 Nc4 34. Kb3 Nd2+ 35. Kb4 Nxf3 36. b6 Rd6 37. b7 Rb6+ 38. Kc5 Rb1 39. Rc8+ Kf7 40. b8Q Rxb8 41. Rxb8 Nxh2 42. Kxd5 Nf1 43. c4 Ne3+ 44. Kc5 Nf5 45. Rb3 Ke6 46. d5+ Kd7 47. Rf3 Nh6 48. Kd4 g6 49. c5 Kc7 50. Rf6 Kd7 51. c6+ Kc7 52. Kc5 Nf5 53. d6+ Kb8 54. Rf8+ 1-0

[Event "SVK-chT1E 1718"]
[Site "Slovakia"]
[Date "2017.12.03"]
[Round "6.8"]
[White "Hujo, Jozef"]
[Black "Belis, Rudolf"]
[Result "1/2-1/2"]
[WhiteElo "2037"]
[BlackElo "1982"]
[PlyCount "143"]
[EventDate "2017.10.21"]
[EventType "team-tourn"]
[EventRounds "11"]
[EventCountry "SVK"]
[SourceTitle "EXT 2019"]
[Source "ChessBase"]
[SourceDate "2018.10.10"]
[SourceVersion "1"]
[SourceVersionDate "2018.10.10"]
[SourceQuality "1"]
[WhiteTeam "Michalovce Zemplin"]
[BlackTeam "Presov Tatran"]
[WhiteTeamCountry "SVK"]
[BlackTeamCountry "SVK"]

1. d4 d5 2. Nf3 Nf6 3. e3 c5 4. b3 Bg4 5. h3 Bh5 6. Be2 Nc6 7. 0-0 e6 8. Bb2 Be7 9. Nbd2 0-0 10. dxc5 Bxc5 11. c4 Qe7 12. Nd4 Bg6 13. cxd5 exd5 14. Nxc6 bxc6 15. Rc1 Rac8 16. Nf3 Ba3 17. Bxa3 Qxa3 18. Ne5 Qd6 19. Nxg6 hxg6 20. Qc2 c5 21. Rfd1 Rfd8 22. Bf3 Qe6 23. Rd2 Qe5 24. Rcd1 Kf8 25. Qd3 Ke7 26. Qb5 Rc7 27. Rc2 Rdc8 28. Rcc1 Rd8 29. Qa5 Ke6 30. Qb5 g5 31. Qa4 Rd6 32. Qb5 Rd8 33. Qa5 Rdd7 34. Qb5 Rd8 35. Qa5 Rdd7 36. Qb5 Rd8 37. Qa5 Rdd7 38. Qb5 Rd8 39. Rxc5 Rxc5 40. Qxc5 Rd7 41. Qf8 Rc7 42. Qb8 Qc3 43. Qb5 Qe5 44. Qa4 Qc3 45. Qb5 Qe5 46. Qb4 Rc2 47. Qa5 Rc7 48. a4 Qd6 49. g3 Qc6 50. Kg2 Qc5 51. Qd2 Rb7 52. Rc1 Qb6 53. Rc3 Rc7 54. a5 Qb7 55. a6 Qb6 56. Rxc7 Qxc7 57. Qb4 Nd7 58. Qg4+ f5 59. Qxg5 Ne5 60. Qf4 Qc2 61. g4 g6 62. gxf5+ gxf5 63. Qh6+ Kd7 64. Qg7+ Ke6 65. Qh6+ Kd7 66. Bxd5 Nd3 67. Qe6+ Kc7 68. Qe7+ Kb6 69. Qd6+ Ka5 70. Bc4 Qxf2+ 71. Kh1 Qf3+ 72. Kh2 1/2-1/2

[Event "Tatry op"]
[Site "Tatranska Lomnica"]
[Date "2017.10.14"]
[Round "8"]
[White "Hujo, Jozef"]
[Black "Steiner, Bruno"]
[Result "1/2-1/2"]
[WhiteElo "2012"]
[BlackElo "2110"]
[PlyCount "163"]
[EventDate "2017.10.08"]
[EventType "swiss"]
[EventRounds "9"]
[EventCountry "SVK"]
[SourceTitle "CBM 181 Extra"]
[Source "ChessBase"]
[SourceDate "2017.12.12"]
[SourceVersion "1"]
[SourceVersionDate "2017.12.12"]
[SourceQuality "1"]

1. d4 Nf6 2. Nf3 e6 3. e3 b6 4. Bd3 Bb7 5. 0-0 c5 6. b3 d6 7. Bb2 Nbd7 8. Nbd2 Be7 9. Qe2 a6 10. Rfd1 0-0 11. c4 Re8 12. Rac1 Qc7 13. Bb1 Rad8 14. Ng5 Qb8 15. f4 d5 16. Ngf3 cxd4 17. Bxd4 dxc4 18. Rxc4 a5 19. Ne5 Qa8 20. Rc7 g6 21. Ndc4 b5 22. Nxd7 Nxd7 23. Rxd7 Rxd7 24. Nb6 Qd8 25. Nxd7 Qxd7 26. Bd3 Bc6 27. Rc1 b4 28. Qc2 Bb7 29. Qc7 Qd5 30. Bf1 h5 31. Qb6 h4 32. Rc7 Bc8 33. Qb5 Qd8 34. Bb6 Rf8 35. Qxa5 h3 36. Ra7 Qd6 37. Bd4 hxg2 38. Bxg2 f6 39. Qc7 Qxc7 40. Rxc7 Bd6 41. Rc6 Be7 42. Bh3 Kf7 43. Rc7 Rd8 44. Bf1 Bd7 45. Bc4 Ke8 46. Bb6 Rb8 47. Ba7 Ra8 48. Rb7 Bd6 49. Bd3 Rc8 50. Bxg6+ Ke7 51. Bd3 Rc1+ 52. Kf2 Ke8 53. Bd4 e5 54. Bg6+ Kd8 55. fxe5 fxe5 56. Bb6+ Kc8 57. Ra7 Bb8 58. Ra5 Rh1 59. Rc5+ Kb7 60. Ba5 Rxh2+ 61. Kf3 Rh3+ 62. Ke4 Bc6+ 63. Kd3 Bd6 64. Bf5 Rxe3+ 65. Kxe3 Bxc5+ 66. Kd3 Ka6 67. Bc7 Bd4 68. Kc4 Bc3 69. Bc8+ Ka7 70. Bd6 e4 71. Bxb4 Bf6 72. Bc5+ Kb8 73. Be6 Bg5 74. Bg4 Bd2 75. a4 Be8 76. Be6 e3 77. Bd6+ Ka7 78. a5 e2 79. Bc5+ Kb8 80. Bd6+ Ka8 81. Bc5 Kb8 82. Bd6+ 1/2-1/2

[Event "Tatry op"]
[Site "Tatranska Lomnica"]
[Date "2017.10.12"]
[Round "6"]
[White "Hujo, Jozef"]
[Black "Weber, Samuel"]
[Result "0-1"]
[WhiteElo "2012"]
[BlackElo "2202"]
[PlyCount "66"]
[EventDate "2017.10.08"]
[EventType "swiss"]
[EventRounds "9"]
[EventCountry "SVK"]
[SourceTitle "CBM 181 Extra"]
[Source "ChessBase"]
[SourceDate "2017.12.12"]
[SourceVersion "1"]
[SourceVersionDate "2017.12.12"]
[SourceQuality "1"]

1. d4 Nf6 2. Nf3 b5 3. e3 a6 4. c4 bxc4 5. Bxc4 e6 6. 0-0 Bb7 7. Nc3 Be7 8. Ne5 0-0 9. f4 d6 10. Nf3 Nbd7 11. Bd3 c5 12. b3 cxd4 13. exd4 Qb6 14. Kh1 Rac8 15. Bb2 Qa5 16. Ng5 h6 17. Nge4 Nd5 18. Nxd5 Qxd5 19. Qe2 Rfd8 20. f5 e5 21. Ng3 Nf6 22. Bc4 Qa5 23. dxe5 dxe5 24. Rad1 Rc5 25. Rxd8+ Bxd8 26. Rd1 Be7 27. Nh5 Ne4 28. Rd7 Rc7 29. b4 Qb6 30. Nf6+ gxf6 31. Bxf7+ Kh8 32. Rd2 Nxd2 33. Qh5 Qe3 0-1

[Event "Tatry op"]
[Site "Tatranska Lomnica"]
[Date "2017.10.09"]
[Round "3"]
[White "Demeter, Peter"]
[Black "Hujo, Jozef"]
[Result "1/2-1/2"]
[WhiteElo "2206"]
[BlackElo "2012"]
[PlyCount "156"]
[EventDate "2017.10.08"]
[EventType "swiss"]
[EventRounds "9"]
[EventCountry "SVK"]
[SourceTitle "CBM 181 Extra"]
[Source "ChessBase"]
[SourceDate "2017.12.12"]
[SourceVersion "1"]
[SourceVersionDate "2017.12.12"]
[SourceQuality "1"]

1. c4 f5 2. g3 Nf6 3. Bg2 e6 4. Nc3 d5 5. d3 c6 6. cxd5 exd5 7. Nf3 Bd6 8. 0-0 0-0 9. e4 fxe4 10. dxe4 dxe4 11. Ng5 Be7 12. Qb3+ Nd5 13. Ngxe4 Kh8 14. Nxd5 Qxd5 15. Qxd5 cxd5 16. Nc3 d4 17. Nb5 Nc6 18. Nc7 Rb8 19. Bf4 g5 20. Bd2 Bd8 21. Nb5 Bf6 22. Nd6 Be6 23. Rfe1 Bg8 24. Ne4 h6 25. h4 gxh4 26. Bxh6 Bg7 27. Bxg7+ Kxg7 28. gxh4 Rf4 29. Ng3 Bf7 30. Rad1 Re8 31. Rxe8 Bxe8 32. a3 Bg6 33. b4 Rxh4 34. Rc1 d3 35. Nf1 Rd4 36. Nd2 Rg4 37. Kf1 Bh5 38. Bxc6 bxc6 39. Rxc6 Rg5 40. f3 Re5 41. Rd6 Re3 42. a4 Bg6 43. b5 Re2 44. Nc4 Bf5 45. a5 Rc2 46. Ne3 Rc1+ 47. Kf2 Bg6 48. b6 axb6 49. axb6 Rb1 50. Nc4 Be8 51. Rxd3 Bb5 52. Nd2 Rb2 53. Rd6 Kf7 54. Ke3 Ke7 55. Rh6 Ba6 56. Ne4 Rb3+ 57. Kf4 Rb5 58. Ng3 Rb4+ 59. Kg5 Bc8 60. f4 Be6 61. f5 Rxb6 62. Nh5 Rc6 63. Nf4 Bd7 64. f6+ Ke8 65. Rh8+ Kf7 66. Rh7+ Ke8 67. f7+ Ke7 68. Ng6+ Rxg6+ 69. Kxg6 Be6 70. f8Q+ Kxf8 71. Kf6 Kg8 72. Rg7+ Kh8 73. Kg6 Bg8 74. Rb7 Bd5 75. Rb4 Be6 76. Rh4+ Kg8 77. Re4 Bf7+ 78. Kf6 Bb3 1/2-1/2

[Event "SVK-chT1E 1617"]
[Site "Slovakia"]
[Date "2016.11.20"]
[Round "4.6"]
[White "Foglar, Ivan"]
[Black "Hujo, Jozef"]
[Result "0-1"]
[WhiteElo "1992"]
[BlackElo "2033"]
[PlyCount "80"]
[EventDate "2016.10.15"]
[EventType "team-tourn"]
[EventRounds "11"]
[EventCountry "SVK"]
[SourceTitle "EXT 2018"]
[Source "ChessBase"]
[SourceDate "2017.10.13"]
[SourceVersion "1"]
[SourceVersionDate "2017.10.13"]
[SourceQuality "1"]
[WhiteTeam "Margecany Eltra"]
[BlackTeam "Michalovce Zemplin"]
[WhiteTeamCountry "SVK"]
[BlackTeamCountry "SVK"]

1. e4 e6 2. d4 d5 3. exd5 exd5 4. Bd3 c5 5. dxc5 Bxc5 6. Ne2 Nf6 7. 0-0 0-0 8. Bg5 Nc6 9. Nbc3 Be6 10. Nf4 Ne5 11. Bxf6 Qxf6 12. Nfxd5 Qh6 13. Nc7 Ng4 14. h3 Nxf2 15. Rxf2 Bxf2+ 16. Kxf2 Qf4+ 17. Kg1 Qxc7 18. Qh5 g6 19. Qd1 Qb6+ 20. Kh1 Qxb2 21. Ne4 Rad8 22. Qf1 Bf5 23. Rb1 Qd4 24. Qf3 Bxe4 25. Bxe4 b6 26. Rf1 Kg7 27. c3 Qe5 28. c4 Rde8 29. Bd5 f6 30. Qa3 Re7 31. Qb4 Qe3 32. a4 Qc5 33. Qb2 Re3 34. Qf2 Qe7 35. Bc6 Re2 36. Qf3 Re1 37. Rxe1 Qxe1+ 38. Kh2 Rf7 39. Qg4 Qe5+ 40. Kh1 Qd6 0-1

[Event "Liptovsky Mikulas Relax op"]
[Site "Liptovsky Mikulas"]
[Date "2016.11.16"]
[Round "5"]
[White "Hujo, Jozef"]
[Black "Mruskovic, Radoslav"]
[Result "1/2-1/2"]
[WhiteElo "2019"]
[BlackElo "1964"]
[PlyCount "46"]
[EventDate "2016.11.13"]
[EventType "swiss"]
[EventRounds "7"]
[EventCountry "SVK"]
[SourceTitle "CBM 175 Extra"]
[Source "ChessBase"]
[SourceDate "2016.12.12"]
[SourceVersion "1"]
[SourceVersionDate "2016.12.12"]
[SourceQuality "1"]

1. d4 Nf6 2. Nf3 d6 3. c4 g6 4. Nc3 Bg7 5. Bg5 0-0 6. e3 h6 7. Bh4 c5 8. Be2 g5 9. Bg3 g4 10. Nd2 cxd4 11. exd4 Qb6 12. Nb3 Bf5 13. 0-0 Nc6 14. d5 Nb4 15. Rc1 Ne4 16. Nxe4 Bxe4 17. c5 dxc5 18. Nxc5 Bc2 19. Rxc2 Nxc2 20. Na4 Qb4 21. Qxc2 Rac8 22. Qd1 b5 23. Nc3 Qxb2 1/2-1/2

[Event "SVK-chT1E 1516"]
[Site "Slovakia"]
[Date "2016.03.19"]
[Round "10.5"]
[White "Hujo, Jozef"]
[Black "Belus, Benjamin"]
[Result "0-1"]
[WhiteElo "2029"]
[BlackElo "1978"]
[PlyCount "52"]
[EventDate "2015.10.24"]
[EventType "team-tourn"]
[EventRounds "11"]
[EventCountry "SVK"]
[SourceTitle "EXT 2017"]
[Source "ChessBase"]
[SourceDate "2016.10.25"]
[SourceVersion "1"]
[SourceVersionDate "2016.10.25"]
[SourceQuality "1"]
[WhiteTeam "Michalovce Zemplin"]
[BlackTeam "Kezmarok"]
[WhiteTeamCountry "SVK"]
[BlackTeamCountry "SVK"]

1. d4 d5 2. Nf3 Nf6 3. e3 e6 4. Bd3 c5 5. b3 Nc6 6. Bb2 Bd6 7. Ne5 0-0 8. 0-0 Nd7 9. f4 f6 10. Qh5 f5 11. Nd2 Nf6 12. Qh3 cxd4 13. exd4 Ne4 14. Ndf3 Rf6 15. Bxe4 fxe4 16. Nxc6 bxc6 17. Ne5 Bb7 18. Ng4 Rxf4 19. Nh6+ gxh6 20. Qxe6+ Kh8 21. Rxf4 Bxf4 22. Rf1 Qd6 23. Qh3 Rf8 24. Kh1 Bc8 25. Qh5 Bd7 26. g3 Bg5 0-1

[Event "SVK-chT1E 1516"]
[Site "Slovakia"]
[Date "2016.02.20"]
[Round "8.8"]
[White "Rogos, Jan"]
[Black "Hujo, Jozef"]
[Result "0-1"]
[WhiteElo "1797"]
[BlackElo "2029"]
[PlyCount "62"]
[EventDate "2015.10.24"]
[EventType "team-tourn"]
[EventRounds "11"]
[EventCountry "SVK"]
[SourceTitle "EXT 2017"]
[Source "ChessBase"]
[SourceDate "2016.10.25"]
[SourceVersion "1"]
[SourceVersionDate "2016.10.25"]
[SourceQuality "1"]
[WhiteTeam "Jelsava Magnezit"]
[BlackTeam "Michalovce Zemplin"]
[WhiteTeamCountry "SVK"]
[BlackTeamCountry "SVK"]

1. e4 e6 2. d4 d5 3. Nc3 Nf6 4. e5 Nfd7 5. Bb5 a6 6. Bd3 c5 7. Be3 cxd4 8. Bxd4 Nc6 9. Nf3 Nxd4 10. Nxd4 Nxe5 11. 0-0 Nxd3 12. Qxd3 Bd6 13. Nf3 0-0 14. Rad1 Qf6 15. Rb1 b5 16. Rfd1 Bb7 17. Qe3 Rfd8 18. a3 Rac8 19. Qb6 Qe7 20. Qd4 e5 21. Qg4 Rc4 22. Qh3 d4 23. Ne2 Rxc2 24. Nd2 Qg5 25. Nf3 Qf6 26. Nd2 e4 27. Qb3 d3 28. Nc3 Rxd2 29. Rxd2 Qh6 30. f4 exf3 31. Rbd1 Qxh2+ 0-1

[Event "SVK-chT1E 1516"]
[Site "Slovakia"]
[Date "2016.01.23"]
[Round "7.8"]
[White "Hujo, Jozef"]
[Black "Ferkova, Dominika"]
[Result "1-0"]
[WhiteElo "2029"]
[BlackElo "1802"]
[PlyCount "77"]
[EventDate "2015.10.24"]
[EventType "team-tourn"]
[EventRounds "11"]
[EventCountry "SVK"]
[SourceTitle "CBM 170 Extra"]
[Source "ChessBase"]
[SourceDate "2016.02.25"]
[SourceVersion "1"]
[SourceVersionDate "2016.02.25"]
[SourceQuality "1"]
[WhiteTeam "Michalovce Zemplin"]
[BlackTeam "Bardejov"]
[WhiteTeamCountry "SVK"]
[BlackTeamCountry "SVK"]

1. d4 d5 2. Nf3 Nf6 3. e3 c6 4. Bd3 e6 5. Ne5 Bd6 6. f4 Ne4 7. 0-0 0-0 8. Nd2 Nxd2 9. Bxd2 f6 10. Qh5 f5 11. g4 Qe8 12. Qh4 Qe7 13. g5 g6 14. Rf3 Qg7 15. Qe1 Nd7 16. Bb4 Bxb4 17. Qxb4 Nxe5 18. dxe5 Re8 19. c4 Qe7 20. c5 b6 21. Rc1 b5 22. h4 h5 23. gxh6 Qxh4 24. h7+ Kg7 25. Kg2 a5 26. Qd2 Rh8 27. Rh3 Qe7 28. Rch1 Qxc5 29. Qf2 Qe7 30. Rh6 Bd7 31. Qg3 Be8 32. Be2 Kf8 33. Bh5 gxh5 34. Rf6+ Qf7 35. Qg6 Rxh7 36. Qxh7 Ke7 37. Rxf7+ Bxf7 38. Rxh5 Rg8+ 39. Rg5 1-0

[Event "Tatry op"]
[Site "Tatranske Zruby"]
[Date "2014.10.01"]
[Round "5"]
[White "Volodin, Viktor Nikolaevich"]
[Black "Hujo, Jozef"]
[Result "1-0"]
[WhiteElo "2217"]
[BlackElo "2038"]
[PlyCount "137"]
[EventDate "2014.09.28"]
[EventType "swiss"]
[EventRounds "9"]
[EventCountry "SVK"]
[SourceTitle "CBM 162 Extra"]
[Source "ChessBase"]
[SourceDate "2014.10.17"]
[SourceVersion "1"]
[SourceVersionDate "2014.10.17"]
[SourceQuality "1"]

1. d4 e6 2. g3 f5 3. Bg2 d5 4. Nf3 Bd6 5. 0-0 Nf6 6. b3 c6 7. Ba3 Bxa3 8. Nxa3 Qe7 9. Qc1 0-0 10. c4 a5 11. Qb2 Na6 12. Nc2 c5 13. Ne5 cxd4 14. Nxd4 Nc5 15. Rac1 Ncd7 16. Nb5 Nxe5 17. Qxe5 Ng4 18. Qd6 Qxd6 19. Nxd6 d4 20. Rfd1 Rd8 21. Rxd4 e5 22. Rd2 Rb8 23. Rcd1 Nf6 24. Nxc8 Rdxc8 25. Bd5+ Kf8 26. Be6 Rc7 27. Bxf5 b5 28. Rd8+ Rxd8 29. Rxd8+ Ke7 30. Ra8 bxc4 31. bxc4 g6 32. Bh3 Rxc4 33. Rxa5 Rc1+ 34. Kg2 e4 35. Re5+ Kf8 36. a4 Rc2 37. e3 Ra2 38. a5 Ra4 39. Bc8 Rc4 40. Bb7 Ra4 41. a6 Ra2 42. h3 Kf7 43. g4 h6 44. Bc8 Ra4 45. Kg3 g5 46. h4 gxh4+ 47. Kxh4 Ra1 48. Kg3 Rg1+ 49. Kh2 Ra1 50. Kg2 Kf8 51. f3 exf3+ 52. Kxf3 Rf1+ 53. Ke2 Ra1 54. Kd3 Kf7 55. Kc2 Ra4 56. Kb3 Ra1 57. Kb4 Nxg4 58. Bxg4 Rxa6 59. Kc3 Kf6 60. Rd5 Ra3+ 61. Kd2 Ra2+ 62. Kd3 Ra4 63. Bh5 Ra3+ 64. Ke4 Ra4+ 65. Kf3 Rb4 66. e4 Rb1 67. Kf4 Rh1 68. Rf5+ Ke6 69. Bf3 1-0